[Event "DEM U10 2023"]
[Site "Willingen GER"]
[Date "2023.06.03"]
[Round "11"]
[White "Obermair, Hannes"]
[Black "Wagener, Nicolas"]
[Result "1/2-1/2"]
[Termination "normal"]
[Board "18"]
[WhiteElo "1320"]
[BlackElo "1506"]
[WhiteClock "00:12:37"]
[BlackClock "01:12:59"]
[PlyCount "120"]
[WhiteFideId "34640509"]
[BlackFideId "34607935"]
[EventCountry "GER"]
[EventRounds "11"]
[EventType "swiss"]
[EventDate "2023.05.27"]

1. c4 {[%clk 01:15:58]} {[%emt 00:00:02]} e5 {[%clk 01:15:55]} {[%emt
00:00:06]} 2. Nc3 {[%clk 01:16:17]} {[%emt 00:00:10]} Nc6 {[%clk 01:16:21]}
{[%emt 00:00:05]} 3. g3 {[%clk 01:16:27]} {[%emt 00:00:19]} g6 {[%clk
01:16:41]} {[%emt 00:00:10]} 4. Bg2 {[%clk 01:16:23]} {[%emt 00:00:33]} Bg7
{[%clk 01:17:04]} {[%emt 00:00:08]} 5. e3 {[%clk 01:16:34]} {[%emt 00:00:19]}
d6 {[%clk 01:17:17]} {[%emt 00:00:18]} 6. Nge2 {[%clk 01:16:40]} {[%emt
00:00:23]} Nf6 {[%clk 01:17:35]} {[%emt 00:00:13]} 7. O-O {[%clk 01:16:57]}
{[%emt 00:00:12]} O-O {[%clk 01:18:00]} {[%emt 00:00:05]} 8. h3 {[%clk
01:16:48]} {[%emt 00:00:39]} Be6 {[%clk 01:18:16]} {[%emt 00:00:14]} 9. b3
{[%clk 01:16:45]} {[%emt 00:00:32]} Qd7 {[%clk 01:18:42]} {[%emt 00:00:05]} 10.
Kh2 {[%clk 01:16:44]} {[%emt 00:00:30]} e4 {[%clk 01:17:50]} {[%emt 00:01:23]}
11. Rb1 {[%clk 01:15:20]} {[%emt 00:01:54]} Ne5 {[%clk 01:17:49]} {[%emt
00:00:32]} 12. Nd4 {[%clk 01:11:38]} {[%emt 00:04:12]} c6 {[%clk 01:16:23]}
{[%emt 00:01:56]} 13. Nxe6 {[%clk 01:10:53]} {[%emt 00:01:14]} Qxe6 {[%clk
01:16:43]} {[%emt 00:00:10]} 14. Nxe4 {[%clk 01:09:38]} {[%emt 00:01:45]} Nxe4
{[%clk 01:16:51]} {[%emt 00:00:23]} 15. Bxe4 {[%clk 01:09:38]} {[%emt
00:00:28]} Nxc4 {[%clk 01:17:15]} {[%emt 00:00:07]} 16. Bg2 {[%clk 01:07:30]}
{[%emt 00:02:37]} Ne5 {[%clk 01:17:32]} {[%emt 00:00:14]} 17. d4 {[%clk
01:06:53]} {[%emt 00:01:06]} Nd7 {[%clk 01:17:42]} {[%emt 00:00:20]} 18. Bb2
{[%clk 01:06:36]} {[%emt 00:00:47]} d5 {[%clk 01:18:06]} {[%emt 00:00:07]} 19.
Qd2 {[%clk 01:05:42]} {[%emt 00:01:24]} f5 {[%clk 01:16:46]} {[%emt 00:01:50]}
20. Rfe1 {[%clk 01:01:16]} {[%emt 00:04:56]} Nf6 {[%clk 01:17:01]} {[%emt
00:00:15]} 21. f3 {[%clk 00:58:55]} {[%emt 00:02:50]} Rae8 {[%clk 01:16:04]}
{[%emt 00:01:28]} 22. Re2 {[%clk 00:58:01]} {[%emt 00:01:22]} Re7 {[%clk
01:16:10]} {[%emt 00:00:27]} 23. Ba3 {[%clk 00:57:18]} {[%emt 00:01:13]} Nh5
{[%clk 01:16:00]} {[%emt 00:00:40]} 24. Bxe7 {[%clk 00:55:49]} {[%emt
00:01:59]} Qxe7 {[%clk 01:16:25]} {[%emt 00:00:05]} 25. e4 {[%clk 00:51:08]}
{[%emt 00:05:09]} dxe4 {[%clk 01:16:21]} {[%emt 00:00:35]} 26. fxe4 {[%clk
00:49:09]} {[%emt 00:02:30]} f4 {[%clk 01:16:38]} {[%emt 00:00:13]} 27. gxf4
{[%clk 00:33:19]} {[%emt 00:16:20]} Nxf4 {[%clk 01:17:00]} {[%emt 00:00:08]}
28. Rf2 {[%clk 00:32:52]} {[%emt 00:00:57]} Bh6 {[%clk 01:17:21]} {[%emt
00:00:09]} 29. Rbf1 {[%clk 00:30:34]} {[%emt 00:02:47]} Qh4 {[%clk 01:14:51]}
{[%emt 00:03:02]} 30. Qb4 {[%clk 00:25:59]} {[%emt 00:05:04]} g5 {[%clk
01:13:49]} {[%emt 00:01:33]} 31. Rf3 {[%clk 00:21:03]} {[%emt 00:05:26]} g4
{[%clk 01:13:34]} {[%emt 00:00:45]} 32. Rg3 {[%clk 00:20:54]} {[%emt 00:00:30]}
Nxh3 {[%clk 01:11:23]} {[%emt 00:02:50]} 33. Rxf8+ {[%clk 00:18:18]} {[%emt
00:03:04]} Bxf8 {[%clk 01:08:24]} {[%emt 00:03:31]} 34. Qc4+ {[%clk 00:16:52]}
{[%emt 00:01:56]} Kh8 {[%clk 01:06:57]} {[%emt 00:01:57]} 35. Bxh3 {[%clk
00:14:47]} {[%emt 00:02:34]} h5 {[%clk 01:05:08]} {[%emt 00:02:20]} 36. e5
{[%clk 00:09:43]} {[%emt 00:05:30]} Bh6 {[%clk 01:02:33]} {[%emt 00:03:10]} 37.
Qf7 {[%clk 00:08:41]} {[%emt 00:01:31]} Qg5 {[%clk 00:58:20]} {[%emt 00:04:43]}
38. Qf6+ {[%clk 00:08:35]} {[%emt 00:00:34]} Qxf6 {[%clk 00:57:39]} {[%emt
00:01:14]} 39. exf6 {[%clk 00:08:55]} {[%emt 00:00:09]} Bf4 {[%clk 00:57:55]}
{[%emt 00:00:15]} 40. Kg2 {[%clk 00:02:31]} {[%emt 00:06:53]} Bxg3 {[%clk
00:58:02]} {[%emt 00:00:24]} 41. Bxg4 {[%clk 00:01:58]} {[%emt 00:01:03]} hxg4
{[%clk 00:55:28]} {[%emt 00:03:04]} 42. Kxg3 {[%clk 00:02:07]} {[%emt
00:00:21]} Kh7 {[%clk 00:55:47]} {[%emt 00:00:11]} 43. Kxg4 {[%clk 00:01:47]}
{[%emt 00:00:49]} Kg6 {[%clk 00:56:10]} {[%emt 00:00:07]} 44. f7 {[%clk
00:01:55]} {[%emt 00:00:22]} Kxf7 {[%clk 00:56:35]} {[%emt 00:00:05]} 45. Kf5
{[%clk 00:01:35]} {[%emt 00:00:50]} Ke7 {[%clk 00:56:31]} {[%emt 00:00:34]} 46.
Ke4 {[%clk 00:01:00]} {[%emt 00:01:05]} Ke6 {[%clk 00:56:56]} {[%emt 00:00:06]}
47. Ke3 {[%clk 00:00:42]} {[%emt 00:00:46]} Kd5 {[%clk 00:57:19]} {[%emt
00:00:07]} 48. Kd3 {[%clk 00:00:53]} {[%emt 00:00:18]} a5 {[%clk 00:56:53]}
{[%emt 00:00:57]} 49. a4 {[%clk 00:15:22]} {[%emt 00:00:59]} b6 {[%clk
01:10:22]} {[%emt 00:02:03]} 50. Kc3 {[%clk 00:14:55]} {[%emt 00:00:54]} Ke4
{[%clk 01:10:47]} {[%emt 00:00:08]} 51. Kc4 {[%clk 00:14:03]} {[%emt 00:01:17]}
Kf5 {[%clk 01:10:08]} {[%emt 00:01:15]} 52. d5 {[%clk 00:13:24]} {[%emt
00:01:08]} Ke5 {[%clk 01:10:29]} {[%emt 00:00:08]} 53. dxc6 {[%clk 00:13:15]}
{[%emt 00:00:39]} Kd6 {[%clk 01:10:57]} {[%emt 00:00:03]} 54. b4 {[%clk
00:11:11]} {[%emt 00:02:34]} Kxc6 {[%clk 01:10:38]} {[%emt 00:00:50]} 55. bxa5
{[%clk 00:11:20]} {[%emt 00:00:21]} bxa5 {[%clk 01:11:02]} {[%emt 00:00:06]}
56. Kd4 {[%clk 00:11:42]} {[%emt 00:00:08]} Kd6 {[%clk 01:11:24]} {[%emt
00:00:08]} 57. Kc4 {[%clk 00:11:52]} {[%emt 00:00:17]} Kc6 {[%clk 01:11:50]}
{[%emt 00:00:07]} 58. Kd4 {[%clk 00:12:15]} {[%emt 00:00:07]} Kb6 {[%clk
01:12:14]} {[%emt 00:00:05]} 59. Kc4 {[%clk 00:12:24]} {[%emt 00:00:20]} Ka6
{[%clk 01:12:38]} {[%emt 00:00:07]} 60. Kd4 {[%clk 00:12:37]} {[%emt 00:00:16]}
Kb6 {[%clk 01:12:59]} {[%emt 00:00:10]} 1/2-1/2

[Event "DEM U10 2023"]
[Site "Willingen GER"]
[Date "2023.06.03"]
[Round "11"]
[White "Rusch, Levi Adrian"]
[Black "Baumann, Simon"]
[Result "1/2-1/2"]
[Termination "normal"]
[Board "19"]
[WhiteElo "1151"]
[BlackElo "1423"]
[WhiteClock "01:06:40"]
[BlackClock "00:43:26"]
[PlyCount "54"]
[WhiteFideId "34660224"]
[BlackFideId "34643664"]
[EventCountry "GER"]
[EventRounds "11"]
[EventType "swiss"]
[EventDate "2023.05.27"]

1. d4 {[%clk 01:15:59]} {[%emt 00:00:01]} d5 {[%clk 01:15:52]} {[%emt
00:00:08]} 2. Nc3 {[%clk 01:16:25]} {[%emt 00:00:04]} Nf6 {[%clk 01:16:14]}
{[%emt 00:00:07]} 3. Bf4 {[%clk 01:16:53]} {[%emt 00:00:01]} Bf5 {[%clk
01:12:46]} {[%emt 00:03:58]} 4. e3 {[%clk 01:17:15]} {[%emt 00:00:08]} a6
{[%clk 01:13:02]} {[%emt 00:00:14]} 5. Nf3 {[%clk 01:17:19]} {[%emt 00:00:26]}
e6 {[%clk 01:12:07]} {[%emt 00:01:25]} 6. Bd3 {[%clk 01:17:30]} {[%emt
00:00:19]} Bg6 {[%clk 01:12:26]} {[%emt 00:00:10]} 7. Bg5 {[%clk 01:16:47]}
{[%emt 00:01:14]} Nbd7 {[%clk 01:11:41]} {[%emt 00:01:15]} 8. e4 {[%clk
01:16:53]} {[%emt 00:00:24]} dxe4 {[%clk 01:10:27]} {[%emt 00:01:43]} 9. Bxe4
{[%clk 01:16:56]} {[%emt 00:00:27]} Bxe4 {[%clk 01:10:16]} {[%emt 00:00:41]}
10. Nxe4 {[%clk 01:17:14]} {[%emt 00:00:13]} Be7 {[%clk 01:10:10]} {[%emt
00:00:36]} 11. Nxf6+ {[%clk 01:16:58]} {[%emt 00:00:45]} Bxf6 {[%clk 01:09:36]}
{[%emt 00:01:04]} 12. Qd2 {[%clk 01:16:28]} {[%emt 00:01:00]} O-O {[%clk
01:06:56]} {[%emt 00:03:09]} 13. h4 {[%clk 01:16:42]} {[%emt 00:00:18]} Bxg5
{[%clk 01:05:39]} {[%emt 00:01:47]} 14. hxg5 {[%clk 01:16:26]} {[%emt
00:00:46]} Re8 {[%clk 01:03:35]} {[%emt 00:02:34]} 15. O-O-O {[%clk 01:15:51]}
{[%emt 00:01:05]} b5 {[%clk 01:00:21]} {[%emt 00:03:44]} 16. Qd3 {[%clk
01:16:03]} {[%emt 00:00:18]} g6 {[%clk 01:00:20]} {[%emt 00:00:30]} 17. Qe4
{[%clk 01:12:40]} {[%emt 00:03:54]} Kg7 {[%clk 00:57:19]} {[%emt 00:03:31]} 18.
Qh4 {[%clk 01:12:42]} {[%emt 00:00:28]} Rh8 {[%clk 00:57:11]} {[%emt 00:00:38]}
19. Qh6+ {[%clk 01:12:27]} {[%emt 00:00:46]} Kg8 {[%clk 00:57:09]} {[%emt
00:00:32]} 20. d5 {[%clk 01:11:42]} {[%emt 00:01:16]} e5 {[%clk 00:55:40]}
{[%emt 00:01:57]} 21. Nh2 {[%clk 01:10:59]} {[%emt 00:01:14]} Qf8 {[%clk
00:52:41]} {[%emt 00:03:28]} 22. Ng4 {[%clk 01:09:28]} {[%emt 00:02:01]} Qxh6
{[%clk 00:51:21]} {[%emt 00:01:50]} 23. Nxh6+ {[%clk 01:09:46]} {[%emt
00:00:13]} Kg7 {[%clk 00:51:36]} {[%emt 00:00:14]} 24. Rd3 {[%clk 01:09:54]}
{[%emt 00:00:23]} Rad8 {[%clk 00:49:51]} {[%emt 00:02:14]} 25. Rc3 {[%clk
01:07:49]} {[%emt 00:02:35]} Rc8 {[%clk 00:47:39]} {[%emt 00:02:43]} 26. Rhh3
{[%clk 01:06:53]} {[%emt 00:01:26]} Nb6 {[%clk 00:44:16]} {[%emt 00:03:52]} 27.
Rhf3 {[%clk 01:06:40]} {[%emt 00:00:44]} Rhf8 {[%clk 00:43:26]} 1/2-1/2

[Event "DEM U10 2023"]
[Site "Willingen GER"]
[Date "2023.06.03"]
[Round "11"]
[White "Wettstein, Levin"]
[Black "Moskalenko, Michael"]
[Result "0-1"]
[Termination "normal"]
[Board "20"]
[WhiteElo "1416"]
[BlackElo "1243"]
[WhiteClock "00:47:39"]
[BlackClock "00:37:13"]
[PlyCount "50"]
[WhiteFideId "34635866"]
[BlackFideId "34608877"]
[EventCountry "GER"]
[EventRounds "11"]
[EventType "swiss"]
[EventDate "2023.05.27"]

1. e4 {[%clk 01:15:59]} d5 {[%clk 01:15:51]} {[%emt 00:00:10]} 2. exd5 {[%clk
01:16:24]} {[%emt 00:00:05]} Qxd5 {[%clk 01:16:15]} {[%emt 00:00:06]} 3. Nc3
{[%clk 01:16:47]} {[%emt 00:00:07]} Qa5 {[%clk 01:16:39]} {[%emt 00:00:06]} 4.
d4 {[%clk 01:17:08]} {[%emt 00:00:09]} Nf6 {[%clk 01:17:02]} {[%emt 00:00:06]}
5. Nf3 {[%clk 01:17:27]} {[%emt 00:00:11]} c6 {[%clk 01:17:28]} {[%emt
00:00:05]} 6. Bc4 {[%clk 01:17:03]} {[%emt 00:00:53]} Bg4 {[%clk 01:17:18]}
{[%emt 00:00:40]} 7. h3 {[%clk 01:17:07]} {[%emt 00:00:26]} Bh5 {[%clk
01:17:30]} {[%emt 00:00:19]} 8. g4 {[%clk 01:16:56]} {[%emt 00:00:41]} Bg6
{[%clk 01:17:39]} {[%emt 00:00:21]} 9. Ne5 {[%clk 01:16:51]} {[%emt 00:00:35]}
Nbd7 {[%clk 01:10:07]} {[%emt 00:08:02]} 10. Nxd7 {[%clk 01:15:52]} {[%emt
00:01:28]} Nxd7 {[%clk 01:10:23]} {[%emt 00:00:14]} 11. Bd2 {[%clk 01:15:42]}
{[%emt 00:00:41]} Qc7 {[%clk 01:10:21]} {[%emt 00:00:31]} 12. h4 {[%clk
01:11:38]} {[%emt 00:04:35]} h6 {[%clk 01:07:45]} {[%emt 00:03:07]} 13. h5
{[%clk 01:04:12]} {[%emt 00:07:55]} Bh7 {[%clk 01:05:00]} {[%emt 00:03:14]} 14.
Be3 {[%clk 01:02:10]} {[%emt 00:02:33]} e6 {[%clk 01:03:45]} {[%emt 00:01:45]}
15. Qd2 {[%clk 01:00:45]} {[%emt 00:01:55]} Nb6 {[%clk 00:59:35]} {[%emt
00:04:40]} 16. Bd3 {[%clk 00:59:33]} {[%emt 00:01:41]} Bxd3 {[%clk 00:59:15]}
{[%emt 00:00:50]} 17. Qxd3 {[%clk 00:59:56]} {[%emt 00:00:07]} O-O-O {[%clk
00:59:02]} {[%emt 00:00:43]} 18. Qe4 {[%clk 00:59:21]} {[%emt 00:01:05]} Bb4
{[%clk 00:56:04]} {[%emt 00:03:28]} 19. O-O-O {[%clk 00:56:06]} {[%emt
00:03:45]} Nc4 {[%clk 00:49:59]} {[%emt 00:06:36]} 20. Qd3 {[%clk 00:54:47]}
{[%emt 00:01:49]} b5 {[%clk 00:49:51]} {[%emt 00:00:38]} 21. a3 {[%clk
00:54:06]} {[%emt 00:01:12]} Qa5 {[%clk 00:45:26]} {[%emt 00:04:55]} 22. Qe4
{[%clk 00:48:53]} {[%emt 00:05:43]} Rd6 {[%clk 00:42:24]} {[%emt 00:03:32]} 23.
Bf4 {[%clk 00:48:20]} {[%emt 00:01:03]} Bxa3 {[%clk 00:39:23]} {[%emt
00:03:32]} 24. Rde1 {[%clk 00:48:12]} {[%emt 00:00:38]} Qxc3 {[%clk 00:36:59]}
{[%emt 00:02:54]} 25. bxa3 {[%clk 00:47:39]} {[%emt 00:01:03]} Qa1# {[%clk
00:37:13]} {[%emt 00:00:17]} 0-1

[Event "DEM U10 2023"]
[Site "Willingen GER"]
[Date "2023.06.03"]
[Round "11"]
[White "Pawlak, Antoni"]
[Black "Burban, Bogdan"]
[Result "0-1"]
[Termination "normal"]
[Board "21"]
[WhiteElo "1323"]
[BlackElo "1300"]
[WhiteClock "00:51:33"]
[BlackClock "00:39:50"]
[PlyCount "44"]
[WhiteFideId "34605460"]
[BlackFideId "34609040"]
[EventCountry "GER"]
[EventRounds "11"]
[EventType "swiss"]
[EventDate "2023.05.27"]

1. e4 {[%clk 01:15:58]} {[%emt 00:00:01]} e6 {[%clk 01:15:50]} {[%emt
00:00:10]} 2. d4 {[%clk 01:16:24]} {[%emt 00:00:04]} d5 {[%clk 01:16:13]}
{[%emt 00:00:07]} 3. Bd3 {[%clk 01:16:50]} {[%emt 00:00:04]} c5 {[%clk
01:11:57]} {[%emt 00:04:47]} 4. exd5 {[%clk 01:17:06]} {[%emt 00:00:15]} exd5
{[%clk 01:12:14]} {[%emt 00:00:13]} 5. dxc5 {[%clk 01:17:25]} {[%emt 00:00:10]}
Bxc5 {[%clk 01:12:31]} {[%emt 00:00:13]} 6. Nc3 {[%clk 01:16:57]} {[%emt
00:00:58]} Nf6 {[%clk 01:12:13]} {[%emt 00:00:48]} 7. Nf3 {[%clk 01:17:07]}
{[%emt 00:00:19]} O-O {[%clk 01:12:14]} {[%emt 00:00:30]} 8. O-O {[%clk
01:17:28]} {[%emt 00:00:09]} Bg4 {[%clk 01:10:48]} {[%emt 00:01:56]} 9. Bg5
{[%clk 01:17:15]} {[%emt 00:00:43]} Nc6 {[%clk 01:06:20]} {[%emt 00:04:58]} 10.
Bxf6 {[%clk 01:17:21]} {[%emt 00:00:24]} Qxf6 {[%clk 01:04:40]} {[%emt
00:02:10]} 11. Nxd5 {[%clk 01:16:44]} {[%emt 00:01:06]} Qxb2 {[%clk 01:01:32]}
{[%emt 00:03:38]} 12. Bxh7+ {[%clk 01:15:51]} {[%emt 00:01:23]} Kh8 {[%clk
00:59:08]} {[%emt 00:02:53]} 13. Bd3 {[%clk 01:14:17]} {[%emt 00:02:03]} Rad8
{[%clk 00:54:26]} {[%emt 00:05:14]} 14. Nf4 {[%clk 01:10:37]} {[%emt 00:04:09]}
Qf6 {[%clk 00:51:25]} {[%emt 00:03:32]} 15. Qd2 {[%clk 01:07:42]} {[%emt
00:03:25]} Bxf3 {[%clk 00:48:42]} {[%emt 00:03:14]} 16. gxf3 {[%clk 01:06:48]}
{[%emt 00:01:24]} Nd4 {[%clk 00:45:55]} {[%emt 00:03:17]} 17. Kg2 {[%clk
00:56:06]} {[%emt 00:11:11]} Qg5+ {[%clk 00:44:24]} {[%emt 00:02:01]} 18. Kh1
{[%clk 00:55:52]} {[%emt 00:00:43]} Nxf3 {[%clk 00:44:11]} {[%emt 00:00:44]}
19. Qc1 {[%clk 00:55:16]} {[%emt 00:01:07]} Rd6 {[%clk 00:41:37]} {[%emt
00:03:05]} 20. Ng2 {[%clk 00:54:20]} {[%emt 00:01:25]} Rh6 {[%clk 00:41:03]}
{[%emt 00:01:04]} 21. h4 {[%clk 00:52:44]} {[%emt 00:02:05]} Qg4 {[%clk
00:40:05]} {[%emt 00:01:29]} 22. Be2 {[%clk 00:51:33]} {[%emt 00:01:39]} Qh3#
{[%clk 00:39:50]} {[%emt 00:00:16]} 0-1

[Event "DEM U10 2023"]
[Site "Willingen GER"]
[Date "2023.06.03"]
[Round "11"]
[White "Wüstenberg, Benjamin"]
[Black "Ishcenko, Volodymyr"]
[Result "0-1"]
[Termination "normal"]
[Board "22"]
[WhiteElo "1343"]
[BlackElo "1220"]
[WhiteClock "01:18:48"]
[BlackClock "00:04:39"]
[PlyCount "124"]
[WhiteFideId "34660259"]
[BlackFideId "34660208"]
[EventCountry "GER"]
[EventRounds "11"]
[EventType "swiss"]
[EventDate "2023.05.27"]

1. e4 {[%clk 01:15:59]} {[%emt 00:03:50]} e5 {[%clk 01:15:51]} {[%emt
00:00:10]} 2. Nf3 {[%clk 01:16:25]} {[%emt 00:00:04]} Nc6 {[%clk 01:16:13]}
{[%emt 00:00:08]} 3. Bc4 {[%clk 01:16:49]} {[%emt 00:00:05]} Bc5 {[%clk
01:16:25]} {[%emt 00:00:19]} 4. Nc3 {[%clk 01:17:14]} {[%emt 00:00:05]} Nf6
{[%clk 01:16:49]} {[%emt 00:00:07]} 5. d3 {[%clk 01:17:39]} {[%emt 00:00:05]}
d6 {[%clk 01:16:55]} {[%emt 00:00:24]} 6. Bg5 {[%clk 01:18:04]} {[%emt
00:00:04]} h6 {[%clk 01:16:53]} {[%emt 00:00:33]} 7. Bxf6 {[%clk 01:18:27]}
{[%emt 00:00:07]} Qxf6 {[%clk 01:17:16]} {[%emt 00:00:07]} 8. Nd5 {[%clk
01:18:52]} {[%emt 00:00:05]} Qd8 {[%clk 01:17:36]} {[%emt 00:00:09]} 9. c3
{[%clk 01:19:16]} {[%emt 00:00:06]} Ne7 {[%clk 01:15:21]} {[%emt 00:02:43]} 10.
b4 {[%clk 01:19:13]} {[%emt 00:00:34]} Bb6 {[%clk 01:14:29]} {[%emt 00:01:23]}
11. a4 {[%clk 01:17:36]} {[%emt 00:02:06]} c6 {[%clk 01:09:50]} {[%emt
00:05:08]} 12. Nxb6 {[%clk 01:12:42]} {[%emt 00:05:25]} Qxb6 {[%clk 01:09:18]}
{[%emt 00:01:01]} 13. Qb3 {[%clk 01:12:27]} {[%emt 00:00:45]} O-O {[%clk
01:09:13]} {[%emt 00:00:36]} 14. O-O {[%clk 01:11:27]} {[%emt 00:01:31]} Bg4
{[%clk 01:01:27]} {[%emt 00:08:16]} 15. Nh4 {[%clk 01:10:18]} {[%emt 00:01:38]}
g5 {[%clk 00:40:16]} {[%emt 00:21:41]} 16. a5 {[%clk 01:09:56]} {[%emt
00:00:52]} Qd8 {[%clk 00:40:21]} {[%emt 00:00:24]} 17. h3 {[%clk 01:08:48]}
{[%emt 00:01:38]} Bxh3 {[%clk 00:35:15]} {[%emt 00:05:37]} 18. gxh3 {[%clk
01:08:56]} {[%emt 00:00:21]} gxh4 {[%clk 00:35:31]} {[%emt 00:00:14]} 19. Kh2
{[%clk 01:09:18]} {[%emt 00:00:07]} Ng6 {[%clk 00:31:53]} {[%emt 00:04:08]} 20.
Rg1 {[%clk 01:09:22]} {[%emt 00:00:26]} Kg7 {[%clk 00:30:09]} {[%emt 00:02:14]}
21. d4 {[%clk 01:08:15]} {[%emt 00:01:38]} Qf6 {[%clk 00:22:03]} {[%emt
00:08:29]} 22. Rg2 {[%clk 01:07:06]} {[%emt 00:01:46]} Qf4+ {[%clk 00:19:52]}
{[%emt 00:02:41]} 23. Kh1 {[%clk 01:07:28]} {[%emt 00:00:08]} Qxe4 {[%clk
00:18:26]} {[%emt 00:01:56]} 24. Rag1 {[%clk 01:07:48]} {[%emt 00:00:10]} d5
{[%clk 00:14:01]} {[%emt 00:04:55]} 25. Bf1 {[%clk 01:07:52]} {[%emt 00:00:25]}
Kh7 {[%clk 00:09:43]} {[%emt 00:04:48]} 26. Kh2 {[%clk 01:07:49]} {[%emt
00:00:34]} Qf4+ {[%clk 00:07:05]} {[%emt 00:03:07]} 27. Kh1 {[%clk 01:07:58]}
{[%emt 00:00:21]} Qf3 {[%clk 00:07:04]} {[%emt 00:00:24]} 28. Kh2 {[%clk
01:08:18]} {[%emt 00:00:16]} exd4 {[%clk 00:05:41]} {[%emt 00:01:54]} 29. Qb1
{[%clk 01:07:38]} {[%emt 00:01:09]} Qf4+ {[%clk 00:05:19]} {[%emt 00:00:53]}
30. Kh1 {[%clk 01:08:00]} {[%emt 00:00:08]} Qf3 {[%clk 00:04:25]} {[%emt
00:01:21]} 31. Kh2 {[%clk 01:07:57]} {[%emt 00:00:36]} Qf4+ {[%clk 00:04:37]}
{[%emt 00:00:17]} 32. Kh1 {[%clk 01:08:18]} {[%emt 00:00:10]} Qf3 {[%clk
00:04:17]} {[%emt 00:00:50]} 33. Be2 {[%clk 01:08:00]} {[%emt 00:00:49]} Qxe2
{[%clk 00:02:51]} {[%emt 00:01:53]} 34. Rxg6 {[%clk 01:08:18]} {[%emt
00:00:14]} Qe4+ {[%clk 00:02:35]} {[%emt 00:00:44]} 35. Qxe4 {[%clk 01:08:38]}
{[%emt 00:00:11]} dxe4 {[%clk 00:02:57]} {[%emt 00:00:09]} 36. Rg7+ {[%clk
01:08:47]} {[%emt 00:00:21]} Kh8 {[%clk 00:03:07]} {[%emt 00:00:21]} 37. cxd4
{[%clk 01:09:00]} {[%emt 00:00:16]} Rad8 {[%clk 00:03:12]} {[%emt 00:00:24]}
38. R7g4 {[%clk 01:09:11]} {[%emt 00:00:19]} Rxd4 {[%clk 00:02:37]} {[%emt
00:01:06]} 39. Rxh4 {[%clk 01:09:36]} {[%emt 00:00:05]} Kh7 {[%clk 00:02:37]}
{[%emt 00:00:28]} 40. f3 {[%clk 01:09:59]} {[%emt 00:00:10]} Rxb4 {[%clk
00:02:16]} {[%emt 00:00:51]} 41. Rxe4 {[%clk 01:10:16]} {[%emt 00:00:13]} Rxe4
{[%clk 00:02:35]} {[%emt 00:00:11]} 42. fxe4 {[%clk 01:10:43]} {[%emt
00:00:03]} Rg8 {[%clk 00:01:42]} {[%emt 00:01:19]} 43. Rb1 {[%clk 01:11:06]}
{[%emt 00:00:11]} Rb8 {[%clk 00:01:58]} {[%emt 00:00:13]} 44. Kg2 {[%clk
01:11:29]} {[%emt 00:00:08]} b5 {[%clk 00:01:02]} {[%emt 00:01:23]} 45. Kf3
{[%clk 01:11:52]} {[%emt 00:00:11]} b4 {[%clk 00:01:23]} {[%emt 00:00:08]} 46.
Ke3 {[%clk 01:12:17]} {[%emt 00:00:05]} b3 {[%clk 00:01:17]} {[%emt 00:00:36]}
47. Kd3 {[%clk 01:12:44]} {[%emt 00:00:03]} b2 {[%clk 00:00:54]} {[%emt
00:00:53]} 48. Kc2 {[%clk 01:13:10]} {[%emt 00:00:04]} Kg6 {[%clk 00:00:49]}
{[%emt 00:00:35]} 49. Rxb2 {[%clk 01:13:35]} {[%emt 00:00:05]} Rxb2+ {[%clk
00:00:54]} {[%emt 00:00:26]} 50. Kxb2 {[%clk 01:14:00]} {[%emt 00:00:05]} Kf6
{[%emt 00:00:32]} 51. Kc3 {[%clk 01:14:25]} {[%emt 00:00:04]} Ke5 {[%clk
00:01:20]} {[%emt 00:00:02]} 52. Kd3 {[%clk 01:14:48]} {[%emt 00:00:09]} c5
{[%clk 00:01:44]} {[%emt 00:00:06]} 53. Kc4 {[%clk 01:14:54]} {[%emt 00:00:24]}
Kxe4 {[%clk 00:02:01]} {[%emt 00:00:13]} 54. Kxc5 {[%clk 01:15:21]} {[%emt
00:00:03]} f5 {[%clk 00:02:20]} {[%emt 00:00:09]} 55. Kc6 {[%clk 01:15:50]}
{[%emt 00:00:03]} f4 {[%clk 00:02:41]} {[%emt 00:00:08]} 56. Kb7 {[%clk
01:16:19]} {[%emt 00:00:01]} f3 {[%clk 00:03:08]} {[%emt 00:00:04]} 57. Kxa7
{[%clk 01:16:46]} {[%emt 00:00:03]} f2 {[%clk 00:03:33]} {[%emt 00:00:05]} 58.
Kb7 {[%clk 01:17:13]} {[%emt 00:00:03]} f1=Q {[%emt 00:00:06]} 59. a6 {[%clk
01:17:39]} {[%emt 00:00:03]} Qb1+ {[%clk 00:04:10]} {[%emt 00:00:10]} 60. Ka8
{[%clk 01:18:07]} {[%emt 00:00:10]} Kf3 {[%clk 00:04:19]} {[%emt 00:00:22]} 61.
h4 {[%clk 01:18:31]} {[%emt 00:00:05]} Qf5 {[%clk 00:04:38]} {[%emt 00:00:08]}
62. a7 {[%clk 01:18:48]} {[%emt 00:00:17]} Qc8# {[%clk 00:04:39]} {[%emt
00:00:25]} 0-1